000 00747nam a22002890a 4500
001 PT22388
003 AR-LpoUNG
005 20210131233053.0
008 191001s2004||||ag |||||||||||||||||spa d
020 _a9870208010
_c$7,30
040 _aAR-LpoUNG
_bspa
_cAR-LpoUNG
_eaacr
041 _aspa
044 _aag
082 0 _aR025.49 946tes
100 1 _aBarcala de Moyano, Graciela G.
245 1 0 _aTesauro de historia argentina
250 _a2da. ed.
260 _aBuenos Aires :
_bDunken,
_c2004.
300 _a126 p. :
_bil.
650 4 _aARGENTINA
650 4 _aHISTORIA
650 4 _aMATERIAL DE REFERENCIA
651 4 _aDOCUMENTOS TEORICOS O METODOLOGICOS
700 1 _aVoena, Cristina
905 _a22388
942 _cLSALA
999 _c19046
_d19046